[Event "Mumbai Wealth op 3rd"]
[Site "Mumbai"]
[Date "2018.01.04"]
[Round "6"]
[White "Mendonca, Leon Luke"]
[Black "Avinash, Vaidyanathan"]
[Result "1-0"]
[WhiteElo "2130"]
[BlackElo "1707"]
[PlyCount "85"]
[EventDate "2017.12.30"]
[EventType "swiss"]
[EventRounds "9"]
[EventCountry "IND"]
[SourceTitle "CBM 182 Extra"]
[Source "ChessBase"]
[SourceDate "2018.02.23"]
[SourceVersion "1"]
[SourceVersionDate "2018.02.23"]
[SourceQuality "1"]

1. d4 d5 2. c4 c6 3. Nf3 Nf6 4. g3 g6 5. Qa4 dxc4 6. Qxc4 Be6 7. Qa4 Nbd7 8. Nc3 Bg7 9. Bg2 0-0 10. 0-0 Nb6 11. Qc2 h6 12. e4 Qd7 13. Rd1 Rad8 14. b3 Qc8 15. Bb2 Nh7 16. Ne2 Bg4 17. Ne5 Ng5 18. f4 Nh3+ 19. Kf1 h5 20. Rac1 g5 21. f5 e6 22. Nxg4 hxg4 23. Ba3 Rfe8 24. f6 Bxf6 25. e5 Bg7 26. Nc3 Nd5 27. Qe2 f5 28. Nxd5 exd5 29. Bxh3 gxh3 30. Qh5 g4 31. Rc2 Rd7 32. Kg1 Rf7 33. Rf1 Bf8 34. Bc1 Qe6 35. Rcf2 Bg7 36. Ba3 Bf8 37. Rxf5 Rxf5 38. Rxf5 Bxa3 39. Rf6 Qxf6 40. exf6 Re6 41. Qxg4+ Kf7 42. Qg7+ Ke8 43. f7+ 1-0

[Event "IND-ch U17"]
[Site "Saravanampatty"]
[Date "2017.10.30"]
[Round "9"]
[White "Avinash, Vaidyanathan"]
[Black "Manu David, Suthandram R"]
[Result "0-1"]
[WhiteElo "1483"]
[BlackElo "2050"]
[PlyCount "98"]
[EventDate "2017.10.24"]
[EventType "swiss"]
[EventRounds "11"]
[EventCountry "IND"]
[SourceTitle "CBM 181 Extra"]
[Source "ChessBase"]
[SourceDate "2017.12.12"]
[SourceVersion "1"]
[SourceVersionDate "2017.12.12"]
[SourceQuality "1"]

1. e4 c5 2. Nf3 Nc6 3. Nc3 Nf6 4. Bb5 Qc7 5. d4 cxd4 6. Nxd4 e6 7. Nf3 Bb4 8. Bd3 d5 9. exd5 Nxd5 10. Bd2 Nxc3 11. bxc3 Bd6 12. Nd4 Be5 13. Nb5 Qb8 14. Rb1 0-0 15. Qh5 g6 16. Qe2 a6 17. Na3 Qc7 18. Nc4 b5 19. Nxe5 Nxe5 20. f4 Nxd3+ 21. cxd3 Qc5 22. Qe5 Qa3 23. Ke2 Qxa2 24. Ra1 Qd5 25. Qxd5 exd5 26. Ra5 Bb7 27. d4 Rfe8+ 28. Kf2 Kf8 29. Re1 Rxe1 30. Kxe1 Ke7 31. Bc1 Rc8 32. Kd2 Kf6 33. Ra1 Rc6 34. Ba3 Kf5 35. Bb4 Re6 36. g4+ Kxg4 37. f5 Rf6 38. fxg6 hxg6 39. Re1 Rf2+ 40. Ke3 Rxh2 41. Rf1 Rh3+ 42. Ke2 f5 43. Rg1+ Rg3 44. Rh1 f4 45. Rh7 Bc8 46. Rg7 Bf5 47. Re7 Rg2+ 48. Kf1 f3 49. Re3 Rd2 0-1